Normal view
MARC view
Entry Personal Name
001 - CONTROL NUMBER
- control field: 3911
003 - CONTROL NUMBER IDENTIFIER
- control field: IIITDM
005 - DATE AND TIME OF LATEST TRANSACTION
- control field: 20260129163732.0
008 - FIXED-LENGTH DATA ELEMENTS
- fixed length control field: 260129|| aca||aabn | a|a d
040 ## - CATALOGING SOURCE
- Original cataloging agency: IIITDM
- Transcribing agency: IIITDM
100 ## - HEADING--PERSONAL NAME
- Personal name: Fang, Jingyang. Liu, Jia and et
670 ## - SOURCE DATA FOUND
- Source citation: Work cat.: (IIITDM)5565: Fang, Jingyang. Liu, Jia and et, Grid-forming Converters: Principles, Control and Applications in Modern Power Systems, 2025.
